| 000 | 00800nam a2200217 a 4500 | ||
|---|---|---|---|
| 005 | 20240925063808.0 | ||
| 008 | 060317s2005 mx r 000 0 spa d | ||
| 020 | _a9875381160 | ||
| 035 | _aUPN01000143351 | ||
| 049 | _aCG | ||
| 050 | 4 |
_aQA20 G3.5 _bR5.4 |
|
| 100 | 1 |
_aRicotti, Stella _941639 |
|
| 245 | 1 | 0 |
_aJuegos y problemas para construir ideas matemáticas : _binterconexiones entre los contenidos curriculares y soluciones para la clase de matemáticas / _cSrella Ricotti. |
| 260 |
_aBuenos Aires : _bNovedades educativas, _c2005. |
||
| 300 |
_a139 p. : _bil. |
||
| 440 | 0 | _aBiblioteca didáctica | |
| 650 | 4 |
_aJUEGOS DE ESTRATEGIA (MATEMATICAS) _96054 |
|
| 650 | 4 |
_aMatemáticas _vProblemas, ejercicios, etc. _93580 |
|
| 650 | 4 |
_aMatemáticas _xEstudio y enseñanza _93601 |
|
| 905 | _aLibro | ||
| 999 |
_c115498 _d115498 |
||